Estatísticas para Estado das franquias da NFL

Clique aqui para jogar o quiz

Estatísticas Gerais

  • Esse quiz foi jogado 199 vezes
  • A pontuação média é 26 de 32

Respostas no mapa

Respostas codificadas por cores de uma escala verde-vermelha no mapa do quiz de acordo com a % correta abaixo.
 

Estatísticas das Respostas

Resposta% Correto
New YorkBuffalo Bills
100%
TexasHouston Texans
98%
TexasDallas Cowboys
98%
CalifórniaSan Francisco 49ers
97%
CalifórniaLos Angeles Rams
97%
CalifórniaLos Angeles Chargers
97%
FloridaTampa Bay Buccaneers
95%
FloridaJacksonville Jaguars
95%
FloridaMiami Dolphins
95%
WashingtonSeattle Seahaks
91%
ArizonaArizona Cardinals
87%
NevadaLas Vegas Raiders
84%
ColoradoDenver Broncos
83%
Carolina do NorteCarolina Panthers
81%
New JerseyNew York Jets
81%
New JerseyNew York Giants
81%
MinnesotaMinnesota Vikings
80%
IndianaIndianapolis Colts
78%
OhioCleveland Browns
78%
OhioCincinnati Bengals
78%
GeórgiaAtlanta Falcons
77%
TennesseeTennessee Titans
76%
PensilvâniaPhiladelphia Eagles
73%
PensilvâniaPittsburgh Steelers
73%
MichiganDetroit Lions
70%
IllinoísChicago Bears
66%
LuisianaNew Orleans Saints
65%
MassachusettsNew England Patriots
63%
WisconsinGreen Bay Packers
61%
MissouriKansas City Chiefs
56%
MarylandBaltimore Ravens
55%
MarylandWashington Commanders
55%

Distribuição das Pontuações

Percentil de Números Respondidos

Porcentagem de Pessoas com Cada Pontuação

Sua Pontuação Histórica

Você não jogou esse quiz